[Event "5. OPEN International Championship of Vo"]
[Site "Novi Sad"]
[Date "2014.07.17"]
[Round "8.27"]
[White "Velikic, Adela"]
[Black "Wilschut, Peter"]
[Result "1/2-1/2"]
[WhiteElo "2107"]
[BlackElo "2250"]
[PlyCount "44"]
[EventDate "2014.07.12"]

1. d4 d5 2. c4 c6 3. Nc3 Nf6 4. Nf3 a6 5. cxd5 cxd5 6. Bf4 Ne4 7. Qb3 Nxc3 8.
bxc3 Nc6 9. e3 g6 10. Bd3 Bg7 11. e4 e6 12. h4 O-O 13. O-O Re8 14. Rfe1 Na5 15.
Qc2 Bd7 16. h5 dxe4 17. Bxe4 Bc6 18. hxg6 hxg6 19. Ne5 Bxe4 20. Qxe4 Qd5 21.
Qxd5 exd5 22. Nd3 Bf8 1/2-1/2

[Event "5. OPEN International Championship of Vo"]
[Site "Novi Sad"]
[Date "2014.07.17"]
[Round "8.28"]
[White "Kumic, Filip"]
[Black "Petrusic, Velimir"]
[Result "1-0"]
[WhiteElo "2248"]
[BlackElo "2104"]
[PlyCount "73"]
[EventDate "2014.07.12"]

1. Nf3 Nf6 2. d4 d6 3. g3 Bg4 4. Bg2 c6 5. O-O Nbd7 6. h3 Bxf3 7. exf3 e6 8. f4
Be7 9. Nd2 O-O 10. Nf3 d5 11. Qd3 c5 12. dxc5 Bxc5 13. c3 Ne4 14. Nd4 Ndf6 15.
Be3 Rc8 16. Kh2 a6 17. Rad1 Bd6 18. Nf3 Qc7 19. Bd4 Nd7 20. Nd2 f5 21. Be3 Rf6
22. Bxe4 fxe4 23. Nxe4 Rg6 24. Nxd6 Qxd6 25. c4 Nc5 26. Qa3 b6 27. b4 Ne4 28.
Qxa6 Rc6 29. cxd5 exd5 30. Qa8+ Kf7 31. Rc1 Rxc1 32. Rxc1 h5 33. Qb7+ Kg8 34.
Rc8+ Kh7 35. Qa8 Re6 36. f5 Nxg3 37. Rh8# 1-0

[Event "5. OPEN International Championship of Vo"]
[Site "Novi Sad"]
[Date "2014.07.17"]
[Round "8.29"]
[White "Petrovic, Marija"]
[Black "Budimir, Boris"]
[Result "0-1"]
[WhiteElo "2087"]
[BlackElo "2244"]
[PlyCount "120"]
[EventDate "2014.07.12"]

1. Nf3 Nf6 2. g3 g6 3. Bg2 Bg7 4. d4 O-O 5. O-O d6 6. b3 c6 7. Bb2 Qa5 8. Nbd2
Qh5 9. Re1 Bg4 10. c4 Nbd7 11. Qc2 Ne8 12. Rad1 Nc7 13. Nf1 Bh3 14. Ne3 Bxg2
15. Kxg2 Qa5 16. Bc3 Qa6 17. Rd2 Rfc8 18. Qb2 b6 19. Nc2 Qb7 20. e4 e6 21. Rde2
b5 22. Ne3 b4 23. Bd2 c5 24. Nc2 a5 25. Qc1 cxd4 26. Ncxd4 e5 27. Nc2 Nc5 28.
Qb1 N7e6 29. Bc1 Rf8 30. Nd2 f5 31. f3 Bh6 32. Ne3 Nd4 33. Rf2 Bxe3 34. Rxe3
fxe4 35. Nxe4 Nxe4 36. Qxe4 Qxe4 37. Rxe4 a4 38. Bd2 axb3 39. axb3 Rfb8 40. f4
Nxb3 41. fxe5 Nc5 42. Ree2 dxe5 43. Kh3 Nd3 44. Rf1 Ra2 45. Rg2 Rc8 46. c5 Rxc5
47. Bh6 Ra8 48. Rb1 Rac8 49. Kg4 Kf7 50. Kf3 Rc2 51. Rxc2 Rxc2 52. h4 Ke6 53.
Ke3 Rc3 54. Ke2 Ra3 55. Bf8 Kd5 56. g4 Kc4 57. h5 Nf4+ 58. Kf2 Ra2+ 59. Kf3 b3
60. hxg6 hxg6 0-1

[Event "5. OPEN International Championship of Vo"]
[Site "Novi Sad"]
[Date "2014.07.17"]
[Round "8.30"]
[White "Ujhazi, Ivan"]
[Black "Djurnic, Strahinja"]
[Result "1/2-1/2"]
[WhiteElo "2241"]
[BlackElo "2012"]
[PlyCount "76"]
[EventDate "2014.07.12"]

1. e4 e6 2. Qe2 c5 3. Nf3 Nc6 4. g3 g6 5. Bg2 Bg7 6. d3 Nge7 7. O-O d6 8. c3
O-O 9. a4 e5 10. Na3 f5 11. Bg5 h6 12. Bxe7 Nxe7 13. Rad1 g5 14. exf5 Nxf5 15.
d4 cxd4 16. cxd4 g4 17. Nxe5 dxe5 18. dxe5 Qe7 19. Bd5+ Kh8 20. Rfe1 h5 21. Nc4
Be6 22. h3 Bxd5 23. Rxd5 Rad8 24. Rxd8 Qxd8 25. Qe4 Qd4 26. hxg4 hxg4 27. Qxd4
Nxd4 28. Re4 Nf3+ 29. Kg2 Re8 30. Rxg4 Nxe5 31. Re4 Re7 32. f4 Nc6 33. Rxe7
Nxe7 34. Kf3 a6 35. Ke4 b5 36. axb5 axb5 37. Nd6 Bxb2 38. Nxb5 Kg7 1/2-1/2

[Event "5. OPEN International Championship of Vo"]
[Site "Novi Sad"]
[Date "2014.07.17"]
[Round "8.31"]
[White "Kovacevic, Sinisa"]
[Black "Bozinovic, Boban"]
[Result "1/2-1/2"]
[WhiteElo "2224"]
[BlackElo "2011"]
[PlyCount "120"]
[EventDate "2014.07.12"]

1. d4 Nf6 2. Nf3 c5 3. d5 b5 4. c4 bxc4 5. Nc3 g6 6. e4 d6 7. Bxc4 Bg7 8. O-O
O-O 9. h3 Ba6 10. Bxa6 Nxa6 11. Bf4 Rb8 12. Qe2 Qb6 13. Rab1 Nh5 14. Bd2 Nc7
15. e5 dxe5 16. Nxe5 Rbd8 17. Nc6 Rd7 18. Na4 Qa6 19. Nxe7+ Kh8 20. Qxa6 Nxa6
21. Rfe1 Nf6 22. Bc3 Nxd5 23. Nxd5 Rxd5 24. Re7 Nb4 25. Rxa7 Nxa2 26. Bxg7+
Kxg7 27. Nb6 Rd6 28. Nd7 Re8 29. Nxc5 Nb4 30. Ra4 Nd3 31. Nxd3 Rxd3 32. Rf4 Rb3
33. Rf3 Rb4 34. Kf1 h5 35. b3 f5 36. Re3 Rxe3 37. fxe3 h4 38. Ke2 Kf6 39. Kd3
g5 40. Kc3 Re4 41. b4 Rxe3+ 42. Kd4 Re2 43. b5 Rxg2 44. b6 Rd2+ 45. Kc5 g4 46.
b7 Rd8 47. b8=Q Rxb8 48. Rxb8 Ke5 49. Re8+ Kf4 50. Kd4 g3 51. Rg8 Kf3 52. Ke5
Kg2 53. Kxf5 Kxh3 54. Kf4 Kg2 55. Rb8 Kh2 56. Rh8 Kg2 57. Kg4 Kf2 58. Kh3 g2
59. Rf8+ Kg1 60. Rg8 Kh1 1/2-1/2

[Event "5. OPEN International Championship of Vo"]
[Site "Novi Sad"]
[Date "2014.07.17"]
[Round "8.32"]
[White "Kollari, Sulejman"]
[Black "Popovic, Milan S"]
[Result "0-1"]
[WhiteElo "2104"]
[BlackElo "2218"]
[PlyCount "52"]
[EventDate "2014.07.12"]

1. e4 c5 2. Nf3 d6 3. d4 cxd4 4. Nxd4 Nf6 5. Nc3 a6 6. Be3 e5 7. Nf3 Qc7 8. h3
Be7 9. Bd3 O-O 10. O-O b5 11. Bg5 Nbd7 12. a3 h6 13. Bh4 Bb7 14. Qe2 Nc5 15.
Rac1 Nh5 16. Bxe7 Nf4 17. Qe3 Qxe7 18. Rfd1 f5 19. b4 Nxe4 20. Bxe4 fxe4 21.
Nxe4 Rad8 22. Rd2 Nxg2 23. Kxg2 Rf4 24. Re2 Bxe4 25. Qxe4 Rxe4 26. Rxe4 Rf8 0-1